• 首页
  • 本馆介绍
  • 公告通知
  • 最新文献
  • 馆藏检索
  • 电子资源
  • 读者导购
  • 参考咨询
  • 我的图书馆
  • 登录
  • 详细信息显示
  • 放入我的书架
  • 预约/预借图书
  • 作者相关作品
  • 分类相关作品
  • 丛书相关作品
  • 出版社相关作品

书目信息

  • 表格格式
  • 工作单格式
  • 卡片格式
题名:
极简德国史
    
 
作者: 德马斯 著 ;冯小冰 译
分册:  
出版信息: 北京   中国友谊出版公司  2017
页数: 280页
开本: 24cm
丛书名:
单 册:
中图分类: K516.0
科图分类:
主题词: 历史--德国
电子资源:
ISBN: 978-7-5057-3961-1
000 01388nam0 2200289 450
001 2100
005 20180522164412.21
010    @a978-7-5057-3961-1@dCNY48.00
100    @a20171116d2017 em y0chiy50 ea
101 1  @achi@cger
102    @aCN@b110000
105    @aa z 000yy
200 1  @a极简德国史@9ji jian de guo shi@f(德)扬·德马斯著@g冯小冰译
210    @a北京@c中国友谊出版公司@d2017
215    @a280页@c照片@d24cm
312    @a副题名英文题名:60 minuten deutsche geschichte
314    @a扬·德马斯 (1969-),德国自由作家,生于伊塞隆,大学主修哲学、国家法和英美文学,现居柏林。出版作品《领导者的历史》、《极简德国史》等。
314    @a冯小冰,北京外国语大学德语翻译学博士,曾获德国学术交流中心及德国巴符州访华部奖学金资助,留学德国海德堡大学。
330    @a本书通过60个历史事件来透视德国1000多年来的政治、经济、文化和日常生活。从奥托一世加冕到神秘教徒希德嘉·冯·宾根的预言,从扬·胡斯的骨灰被撒莱茵河到斐迪南大公夫妇遇刺身亡,从罗莎·卢森堡被害到波茨坦广场新区揭幕,全书用独特的视角撰写出德国历史的60个瞬间,阐述了这60个瞬间对德国与世界的深远影响。
510 1  @a60 minuten deutsche geschichte@zeng
517 1  @a极简德国史@9ji jian de guo shi@e60分钟读懂德国
606 0  @a历史@y德国
690    @aK516.0@v5
701  0 @c(德)@a德马斯@9de ma si@f(1969-)@4著
702  0 @a冯小冰@9feng xiao bing@4译
801  0 @aCN@b91MARC@c20171116
905    @aMuseLib@dK516.0@e44
    
    极简德国史/(德)扬·德马斯著/冯小冰译.-北京:中国友谊出版公司,2017
    280页:照片;24cm
    
    
    ISBN 978-7-5057-3961-1:CNY48.00
    本书通过60个历史事件来透视德国1000多年来的政治、经济、文化和日常生活。从奥托一世加冕到神秘教徒希德嘉·冯·宾根的预言,从扬·胡斯的骨灰被撒莱茵河到斐迪南大公夫妇遇刺身亡,从罗莎·卢森堡被害到波茨坦广场新区揭幕,全书用独特的视角撰写出德国历史的60个瞬间,阐述了这60个瞬间对德国与世界的深远影响。
●
相关链接 在E读中查询图书 在五车中查询图书 在当当中查询图书 在豆瓣中查询图书


正题名:极简德国史     索取号:K516.0/44         预约/预借

序号 登录号 条形码 馆藏地/架位号 状态 备注
1 1107949   211079492   第二样本阅览室/ [索取号:K516.0/44] 在馆    
2 1107950   211079508   教育系资料室/ [索取号:K516.0/44] 在馆    
3 1107951   211079517   教育系资料室/ [索取号:K516.0/44] 在馆    
4 1107952   211079526   第二借阅区/ [索取号:K516.0/44] 在馆    
唐山师范学院图书馆 欢迎您!
大连网信软件有限公司© 版权所有